[Event "Rocha op"]
[Site "Rocha"]
[Date "2022.10.01"]
[Round "2"]
[White "Cerrato, Alex"]
[Black "Garcia, Walter"]
[Result "1-0"]
[WhiteElo "1935"]
[BlackElo "1599"]
[PlyCount "44"]
[EventDate "2022.10.01"]
[EventType "swiss"]
[EventRounds "5"]
[EventCountry "URU"]
[SourceTitle "EXT 2023"]
[Source "ChessBase"]
[SourceDate "2022.10.05"]
[SourceVersion "1"]
[SourceVersionDate "2022.10.05"]
[SourceQuality "1"]

1. d4 d5 2. Nc3 Nf6 3. Bf4 a6 4. e3 e6 5. Nf3 g6 6. Bd3 Bg7 7. Qd2 0-0 8. 0-0-0 Nbd7 9. e4 dxe4 10. Nxe4 b5 11. Bh6 Bb7 12. Nxf6+ Nxf6 13. Bxg7 Kxg7 14. h4 Rc8 15. h5 Ng8 16. Qf4 Qd6 17. Qh4 Qd8 18. Qg4 Nf6 19. Qg3 Bxf3 20. gxf3 Qxd4 21. hxg6 fxg6 22. Bxg6 Qc4 1-0